Billy Joel Lyrics Quiz (Part 03) - Statistics

General Stats
  • This quiz has been taken 141 times
  • The average score is 126 of 330
Answer Stats
Answer % Correct
I
94%
a
93%
the
84%
you
80%
You
80%
to
71%
me
68%
and
66%
And
66%
in
66%
it
62%
be
58%
is
58%
my
58%
on
58%
do
57%
hear
55%
are
54%
your
54%
Your
54%
for
51%
of
50%
all
44%
All
44%
don't
44%
They
43%
say
42%
time
41%
you're
41%
You're
41%
not
40%
there
40%
But
39%
have
38%
up
38%
with
38%
This
37%
was
37%
night
36%
just
35%
We're
35%
know
34%
man
34%
good
33%
some
33%
can't
32%
way
31%
been
30%
here
30%
I'll
30%
I've
30%
long
30%
only
30%
their
30%
won't
30%
did
29%
never
27%
come
26%
take
26%
You'll
26%
you'll
26%
we'll
24%
word
23%
cause
22%
down
22%
because
21%
boy
21%
isn't
21%
someone
21%
Until
21%
need
20%
talk
20%
eyes
19%
might
19%
more
19%
waiting
19%
watching
19%
old
18%
same
18%
sleeping
18%
Sleeping
18%
somebody
18%
television
18%
those
18%
waste
18%
who's
18%
kind
17%
looking
17%
saying
17%
Tonight
16%
Diane
15%
afraid
14%
boys
14%
easy
14%
fool
14%
hand
14%
less
14%
notice
14%
pointing
14%
really
14%
Tomorrow
14%
white
14%
wrong
14%
gun
13%
line
13%
thinking
13%
attitude
12%
else's
12%
once
12%
rejection
12%
stunning
12%
wish
12%
zap
12%
guts
11%
morning
11%
Nobody's
11%
noise
11%
wake
11%
waltz
11%
anybody's
10%
behind
10%
chances
10%
defenses
10%
found
10%
standing
10%
bothered
9%
dear
9%
senses
9%
shoot
9%
'em
8%
solid
8%
protection
7%
unless
5%
No matching quizzes found
Score Distribution
Percent of People with Each Score
Percentile by Number Answered
Your Score History
You have not taken this quiz